| 000 | 00712nam a22002057a 4500 | ||
|---|---|---|---|
| 005 | 20100807151729.0 | ||
| 010 | _aENG-98889 | ||
| 020 |
_a9789350011478 _c80.00 |
||
| 035 | _aEN-82421 | ||
| 037 | _bDBAD/PUB | ||
| 082 | _a530.2462 | ||
| 100 |
_aKumanan, K. _98718 |
||
| 245 |
_aText book of engineering physics-II / _cby K. Kumanan |
||
| 260 |
_aPerambalur _bMercury Printers & Publishers _c2009 |
||
| 270 |
_bPerambalur _e621212 |
||
| 300 |
_a112p.: _bill. _c21cm (pbk) |
||
| 650 |
_aEngineering physics _98719 |
||
| 942 |
_2ddc _cEN _h530.2462 _mKUM |
||
| 999 |
_c40134 _d40134 |
||